00682cam a22002173a 45000010005000000030006000050050017000110080041000280400015000690420007000840500007000912450097000982600029001955060030002245160020002546530029002746530046003036530046003498300028003958560041004236486PGUSA20140828083133.0040901s2004||||xxu|||||s|||||000 | eng d aPGUSAbeng adc 4aBX14aThe Life of the Venerable Mother Mary of the Incarnationh[electronic resource] /cAnonymous bProject Gutenberg,c2004 aPublic domain in the USA. aElectronic text aIndians of North America aCanada -- History -- To 1763 (New France) aMarie de l'Incarnation, mè€re, 1599-1672 0aProject Gutenbergv648640uhttp://www.gutenberg.org/ebooks/6486